000 00820nam a2200253 i 4500
001 C2-0222979
003 PPAK
005 20180728151957.0
008 000126s1998 nyu |||| ||||| | eng d
020 _a0471170321
040 _aPPAK
_beng
_cPPAK
_erda
082 0 4 _a371.926
_223
090 0 0 _a371.926
_bGOL
_dR
100 1 _aGoldstein, Sam,
_eauthor
245 1 0 _aOvercoming underachieving :
_ban action guide to helping your child suceed in school
264 1 _aNew York :
_bJohn Wiley ,
_c1998
300 _axi, 312 pages ;
_c24 cm
336 _2rdacontent
_atext
337 _2rdamedia
_aunmediated
338 _2rdacarrier
_avolume
500 _aIncludes bibliographical references and index
650 1 0 _aUnderachievers - Education - United States ; Learning strategies - United States
942 _ddc
_cB
999 _c144195
_d144195